Missing Word: American Civil War Quiz Stats

 Plays Quiz Updated Oct 7, 2016

Challenge
Share
Tweet
Embed
Score 0/20 Timer 05:00
0 Plays Today
Hint Answer % Correct
Assassination of Abraham ___Lincoln
96.9%
Robert E. ___Lee
96.1%
Confederate ___ of AmericaStates
92.9%
___ S. GrantUlysses
92.8%
Emancipation ___Proclamation
91.5%
___ AddressGettysburg
90.7%
Underground ___Railroad
90.4%
Sherman's ___ to the SeaMarch
82.4%
____ DavisJefferson
80.5%
War ___ the StatesBetween
72.7%
Hint Answer % Correct
Pickett's ____Charge
65.1%
___ of the PotomacArmy
59%
___ vs MerrimackMonitor
53.6%
Army of ____ VirginiaNorthern
52.4%
Draft ___ in New York CityRiots
38%
Radical ___Republicans
29.4%
Anaconda ___Plan
27.6%
54th ___ RegimentMassachusetts
25.2%
Trent ___Affair
13.4%
Copperhead ___Democrats
11.3%

Today's Daily Dose

Word Ladder
Faux Pas

Quick Pick
Pacific Islands

On This Day
November 20th II

You're not logged in!

Compare scores with friends on all Sporcle quizzes.
Join for Free
OR
Log In

You Might Also Like...

Show Comments

Extras

Top Quizzes Today


Score Distribution

Your Account Isn't Verified!

In order to create a playlist on Sporcle, you need to verify the email address you used during registration. Go to your Sporcle Settings to finish the process.

Report this User

Report this user for behavior that violates our Community Guidelines.

Details: